Disposicin̤ vs. Norma

Bibliographic Details
Main Author: Escudero, Rafael
Other Authors: Pozzolo, Susana
Format: eBook
Language:Spanish
Published: Lima : Palestra Editores, 2011
Online Access:http://www.vlex.es/source/11046

MARC

LEADER 00000nam a22000007a 4500
005 20130503081955.0
007 cr|||| ||||
008 130503e2011 pe |||||s|||| 00||0 spa d
020 |a 978-612-4047-66-4 
035 |a 11046 
040 |a vLex 
090 |c 4257  |d 4257 
100 1 0 |a Escudero, Rafael 
245 1 0 |a Disposicin̤ vs. Norma  |c / Rafael Escudero, Susana Pozzolo   |h [Recurso electrn̤ico]  
256 |a Servicio en ln̕ea 
260 |a Lima :  |b Palestra Editores,   |c 2011 
300 |a 1 Recurso electrn̤ico 
700 1 0 |a Pozzolo, Susana 
740 |a vLex Libros (Servicio en ln̕ea) 
856 |a Acceso restringido  |u http://www.vlex.es/source/11046 
942 |c BOOK 
999 0 |a Law